| 000 | 01135nam a22004097a 4500 | ||
|---|---|---|---|
| 001 | BR6001356 | ||
| 003 | BR-BrBNA | ||
| 005 | 20230928083055.0 | ||
| 007 | ta | ||
| 008 | 230509b bl.||||| |||| 00| 0 por d | ||
| 040 |
_aBR-BrBNA _bpor _cBiblioteca Nacional de Agricultura |
||
| 041 | _a(Por) | ||
| 072 |
_aF00 _b2120 _b0120 _b2140 _b0430 _b0150 _b0210 _b2760 _b1953 _b1410 _b0230 _b1540 _b0180 |
||
| 090 | _ 2120 BR6001356 | ||
| 100 | 1 | _aFerreira Filho, J.C. | |
| 245 | 1 | _aElementos de agricultura especial [cafe, milho, mate, algodao, arroz, batata, fumo, alfafa, feijao, cana de acucar, mandioca, trigo] | |
| 260 | 3 |
_aCuritiba, PR (Brasil): _c1927. |
|
| 300 | _a352 p. | ||
| 650 | _aPRODUCAO VEGETAL | ||
| 650 | _aCEREAL | ||
| 650 | _aPLANTA PRODUTORA DE ACUCAR | ||
| 650 | _aPLANTA ESTIMULANTE | ||
| 650 | _aTRIGO | ||
| 650 | _aCAFE | ||
| 650 | _aMILHO | ||
| 650 | _aMATE | ||
| 650 | _aALGODAO | ||
| 650 | _aARROZ | ||
| 650 | _aBATATA | ||
| 650 | _aFUMO | ||
| 650 | _aALFAFA | ||
| 650 | _aFEIJAO | ||
| 650 | _aCANA DE ACUCAR | ||
| 650 | _aMANDIOCA | ||
| 909 |
_a202309 _bLucia _c55 _dLucia Elande |
||
| 942 | _cBK | ||
| 999 |
_c11429 _d11429 |
||